000 00372 a2200157 4500
001 187306
020 _a85-305-0225-6
040 _cMagnum
100 _aRocha, Ruth
240 1 0 _aO menino que quase morreu afogado no lixo
_lpor
245 1 0 _aO menino que quase morreu afogado no lixo
300 _a32
362 0 _a1999
697 _aLITERATURA INFANTO
942 _cBK
999 _c187306
_d187306